| 000 | 00624nam a2200241 a 4500 | ||
|---|---|---|---|
| 001 | nice12345678 | ||
| 003 | IN_TiNIC | ||
| 005 | 20260116013346.0 | ||
| 008 | 050524s1983 dela grp 000 0 eng | ||
| 020 |
_a _c800 |
||
| 082 | 0 | 0 |
_a722.07 _bRAJ |
| 100 | _aRajan, K V Soundara | ||
| 245 |
_aIslam Builds in India _b Cultural Study of Islamic Architecture |
||
| 260 |
_aDelhi _bAgma Kalaprakashan _c1983 |
||
| 300 | _a218p | ||
| 500 | _aincludes index and biblioraphy | ||
| 505 | 2 | _aPlates | |
| 650 | _aIslamic-Architecture | ||
| 700 | 1 | _aRajan, K V Soundara | |
| 902 | _bRHR | ||
| 942 | _cBK | ||
| 999 |
_c10698 _d10698 |
||